000
00367nam a2200169Ia 4500
003
0STCL
008
150530s9999 xx 000 0 und d
040
_a
STCL
_c
STCL
100
_a
Butler, J.A.V.
245
_a
Gene Control in the living Cell
260
_c
0
300
_a
0
546
_a
English
942
_2
ddc
_c
BK
999
_c
38279
_d
38279
005
20220125170438.0